Empat pengembara

Bibliographic Details
Main Author: Blyton, Enid
Format: Book
Published: Kuala Lumpur : Penerbitan Fargoes Sdn. Bhd. , 1995
Series:Misteri
Subjects:

MARC

LEADER 00000cam a2200000 7i4500
001 0000009122
002 000009935
005 20000330.0
020 |a 9679747581 
090 0 0 |a JF   |b BLY 
100 1 |a Blyton, Enid 
245 1 0 |a Empat pengembara   |c Enid Blyton ; illustrasi oleh Liza Fadly 
260 |a Kuala Lumpur :   |b Penerbitan Fargoes Sdn. Bhd. ,   |c 1995 
300 |a 128p. :   |b ill. ;   |c 17cm. 
490 0 |a Misteri 
650 0 0 |a Children's stories 
999 |a 053642   |b BUKU   |c PINJAMAN   |e PERPUSTAKAAN KOMUNITI CAW KOTA DAMANSARA